| 000 | 00878nam a2200205Ii 4500 | ||
|---|---|---|---|
| 003 | JO-AjNU | ||
| 008 | 230605s9999||||xx |||||||||||||| ||und|| | ||
| 017 | _a2010/2/558 | ||
| 040 |
_aJO-AjNU _bara _erda _cJO-AjNU |
||
| 041 | _aara | ||
| 050 | 1 | 4 | _aHQ 1729 .L356 2010 |
| 100 | 3 |
_aاعداد: منى مؤتمن حؤبشة؛ (عمان، الأردن) اللجنة الوطنية الأردنية لشؤون المرأة, _eauthor _932915 |
|
| 245 | 0 | 0 | _aالمرأة الاردنية : انجازات، تحديات، مبادرات مستقبلية 2004-2009 |
| 264 | 3 | 1 | _aعمان: اللجنة الوطنية الأردنية لشؤون المرأة، 2010 |
| 300 | _a138ص | ||
| 336 |
_atext _btxt _2rdacontent |
||
| 337 |
_aunmediated _bn _2rdamedia |
||
| 338 |
_avolume _bnc _2rdacarrier |
||
| 650 | 4 |
_aالمرأة - الأردن - أحوال اجتماعية _932916 |
|
| 999 |
_aA13342 _c16910 _d16910 |
||